01204naa a22002897a 4500001001000000003000900010005001700019007000300036008003400039040005400073041000900127072001400136090001800150100002700168111008400195245007800279260004000357500013300397650000900530650001400539650001300553773013000566909003600696942001400732999001900746952014900765BR8405311BR-BrBNA20240918175502.0ta230509b bl.||||| |||| 00| 0 por d aBR-BrBNAbporcBiblioteca Nacional de Agricultura a(Pt) aH60b0336 aH60 BR84053111 aMikusinski-Costa, O.M.1 a1. Reuniao Anual de Pesquisa de SojacPorto Alegre, RS (Brazil)d18-20 Jul 19841 aProfundidade de semeadura e emergencia do joa Solanum sisymbriifolium LAM3 aPorto Alegre, RS (Brasil): c1984.  aReuniao Anual de Pesquisa de Soja. Resultados de pesquisa 1983/84 Porto Alegre, RS (Brasil): 1984. p. 137-140 (BR8405311-AM)H60  aSOJA aJOA BRAVO aBIOLOGIA0 tReuniao Anual de Pesquisa de Soja. Resultados de pesquisa 1983/84wH60 BR8405311gPorto Alegre, RS (Brasil), 1984. p. 137-140 a202404bLuciac55dLucia Elande cAM2AGRIS c316942d316942 002AGRIS40708Acervo Gerala41918b41918cAgrobasel0o0336 BR8405299r2024-05-20t01yAM10d2024-04-11ePortaria Interministerial nÂș 164/94